000 01322nam a2200385Ii 4500
001 DIGALF0022
003 NyNyDIG
006 m o d
007 cr |||||||||||
008 131201s2008 sp ob 000 0 spa d
020 _a9788478983421
_q(eBook)
020 _z847898285X
020 _z9788478982851
035 _a(OCoLC)847591560
040 _aDGITA
_beng
_epn
_cDGITA
050 1 4 _aP92.U5 eBook
100 1 _aVidal Jiménez, Rafael.
245 1 0 _aComunicación, (post)-ciencia y resistencia (in)-disciplinaria /
_cRafael Vidal Jiménez.
250 _a1a ed.
264 1 _aSevilla :
_bEdiciones Alfar,
_c2008.
300 _a1 online resource (94 pages) :
_bill.
336 _atext
_btxt
_2rdacontent
337 _acomputer
_bc
_2rdamedia
338 _aonline resource
_bcr
_2rdacarrier
490 1 _aCuadernos de comunicación ;
_v17
504 _aIncludes bibliographical references (p. [87]-94).
650 0 _aMass media
_xSocial aspects.
655 0 _aElectronic books.
791 2 _aDigitalia (Firm),
_edistributor.
830 0 _aCuadernos de comunicación (Seville, Spain);
_v17.
793 0 _gDigitalia eBook Collection:
_aEdiciones Alfar.
856 4 0 _3Digitalia Hispánica
_uhttps://www.digitaliapublishing.com/a/6144/
910 _aPremium Collection: 2007-2012
942 _cRAA
999 _c231386
_d231386